00962nam a22002537a 450000500170000001000110001702000100002803500110003803700160004904000120006508200170007710000250009424500890011926000350020827000410024330000260028450000190031065000410032965000210037094200260039199900190041795201300043695201420056620170124110217.0 a942923 c00.00 a942923 bCen Lib/Ret aDPLbEN a020.954bMIS aMisra, Jogesh939268 aHistory of libraries and librarianship in modern India since 1850 /cby Jogesh Misra aDelhibAtma Ram and Sonsc1979 a(H. O.) Kashmere GatebDelhie110006 aviii,188p. c21cm(Hb) aIncludes index aLibraries -- India -- History939269 aLibraries 94519 2ddccENh020.954mMIS c133918d133918 001040718REFaLbLd2015-07-28eCen Lib/Ret g0.00l0o020.954 MISp942923r2015-07-28 00:00:00t1v0.00w2015-07-28yEN 00102ddc4070aLbLd2016-11-27eCen Lib/Retg0.00l3o020.954 MISpEN-018265r2023-02-21 00:00:00s2023-02-20t2v0.00w2016-11-27yEN